De Gabo a Mario : la estirpe del boom /

Historia del boom latinoamericano, la dorada época en que la literatura de la región se volvió protagonista innegable de la cultura mundial, con Gabriel García Márquez, Mario Vargas Llosa, Julio Cortázar y Carlos Fuentes, en el centro de la escena. Precisamente los dos primeros constituyen el hilo c...

Fuld beskrivelse

Guardado en:
Bibliografiske detaljer
Hovedforfatter: Esteban Lozano, Angel (autor)
Andre forfattere: Gallego, Ana (autor) (autor)
Format: Bog
Sprog:spansk
Udgivet: Madrid, España : Espasa-Calpe, 2009, c2009
Serier:(Espasa Fórum)
Fag:
Tags: Tilføj Tag
Ingen Tags, Vær først til at tagge denne postø!

MARC

LEADER 00000nam^a2200000^a^4500
001 000318024
005 20250521000000.0
008 120201 20092009
009 20260310113402.019
020 |a 978-84-670-3013-6 
037 |a Acervo ITESO - Biblioteca 
041 |a ESP 
082 |a 860. 980033  |b EST 
100 |a Esteban Lozano, Angel  |e (autor) 
245 1 0 |a De Gabo a Mario :  |b la estirpe del boom /  |c A. Esteban, A. Gallego. 
264 4 |a Madrid, España :  |b Espasa-Calpe,  |c 2009, c2009 
300 |a 319 p. 
336 |a texto  |b txt  |2 rdacontenido 
337 |a sin mediación  |b n  |2 rdamedio 
338 |a volumen  |b nc  |2 rdasoporte 
440 1 |a (Espasa Fórum) 
520 |a Historia del boom latinoamericano, la dorada época en que la literatura de la región se volvió protagonista innegable de la cultura mundial, con Gabriel García Márquez, Mario Vargas Llosa, Julio Cortázar y Carlos Fuentes, en el centro de la escena. Precisamente los dos primeros constituyen el hilo conductor de la narración, construida a partir de entrevistas y testimonios. 
586 |a Premio Nobel de Literatura 1982: Biografías, crítica e interpretación 
586 |a Premio Nobel de Literatura 2010: Biografías, crítica e interpretación 
586 |a Premio Príncipe de Asturias de las Letras 1986, ex aequo: Biografías, crítica e interpretación 
586 |a Premio Miguel de Cervantes 1994: Biografías, crítica e interpretación 
649 |a XX 
650 |a Escritores Latinoamericanos 
650 |a Boom Latinoamericano -  |x Historia y Crítica -  |x Tema Principal 
650 |a Literatura Latinoamericana -  |x Historia y Crítica 
650 |a Literatura Latinoamericana -  |y 1960-1969 
650 |a Literatura Latinoamericana -  |y 1970-1979 
650 |a Literatura Latinoamericana -  |y Siglo XX 
650 |a García Márquez, Gabriel -  |x Tema Principal 
650 |a Vargas Llosa, Mario -  |x Tema Principal 
700 |a Gallego, Ana  |e (autor) 
910 |a Fondo General 
920 |a Impresos - Libros 
930 |a Colección General 
940 |a Literatura 
905 |a 101 
901 |a 0500205077  |b IT1  |c LIT  |i C130774  |u 20250521 
902 |a https://opac.biblio.iteso.mx/vufind/Record/000318024